[Event "Shelest Memorial op"]
[Site "Mykolaiv"]
[Date "2023.05.04"]
[Round "3"]
[White "Shton, Roman"]
[Black "Sakun, Volodymyr"]
[Result "0-1"]
[WhiteElo "2074"]
[BlackElo "2340"]
[PlyCount "44"]
[EventDate "2023.05.03"]
[EventType "swiss"]
[EventRounds "9"]
[EventCountry "UKR"]
[SourceTitle "CBM 214 Extra"]
[Source "ChessBase"]
[SourceDate "2023.07.31"]
[SourceVersion "1"]
[SourceVersionDate "2023.07.31"]
[SourceQuality "1"]

1. d4 Nf6 2. Nf3 c5 3. d5 e6 4. Nc3 d6 5. e4 a6 6. a4 g6 7. Bc4 e5 8. 0-0 Bg7 9. Ne1 0-0 10. Nd3 Nbd7 11. f4 exf4 12. Bxf4 Qe7 13. Qf3 Nh5 14. Bd2 Ne5 15. Nxe5 Bxe5 16. Bh6 Bg7 17. Bxg7 Kxg7 18. Rab1 Nf6 19. Qf4 Ng4 20. b4 cxb4 21. Rxb4 Qc7 22. Kh1 Qc5 0-1

[Event "Kiev Shystariov Rapid"]
[Site "Kiev"]
[Date "2022.08.27"]
[Round "2"]
[White "Grinev, Valeriy"]
[Black "Shton, Roman"]
[Result "1-0"]
[WhiteElo "2425"]
[BlackElo "2074"]
[PlyCount "55"]
[EventDate "2022.08.27"]
[EventType "swiss (rapid)"]
[EventRounds "9"]
[EventCountry "UKR"]
[SourceTitle "CBM 209 Extra"]
[Source "ChessBase"]
[SourceDate "2022.09.30"]
[SourceVersion "1"]
[SourceVersionDate "2022.09.30"]
[SourceQuality "1"]

1. c4 e6 2. Nf3 d5 3. e3 Nf6 4. b3 Be7 5. Bb2 0-0 6. Be2 c5 7. cxd5 Nxd5 8. Nc3 Bf6 9. Qb1 Nxc3 10. Bxc3 Bxc3 11. dxc3 Qf6 12. Qc2 Nc6 13. 0-0 b6 14. Rfd1 Rd8 15. Rxd8+ Qxd8 16. Rd1 Qe7 17. Bb5 Bb7 18. Bxc6 Bxc6 19. Qd3 Bxf3 20. gxf3 Qg5+ 21. Kf1 h6 22. Ke2 Re8 23. Qd7 Re7 24. Qd8+ Kh7 25. h4 Qf6 26. h5 Qg5 27. a4 Qf6 28. Qf8 1-0

[Event "Titled Tuesday intern op 21st Jun Early"]
[Site "Chess.com INT"]
[Date "2022.06.21"]
[Round "9"]
[White "Aaditya, Dhingra"]
[Black "Shton, Roman"]
[Result "1-0"]
[WhiteElo "1965"]
[BlackElo "2074"]
[PlyCount "55"]
[EventDate "2022.06.21"]
[EventType "swiss (blitz)"]
[EventRounds "11"]
[EventCountry "USA"]
[SourceTitle "EXT 2023"]
[Source "ChessBase"]
[SourceDate "2022.10.05"]
[SourceVersion "1"]
[SourceVersionDate "2022.10.05"]
[SourceQuality "1"]

1. Nf3 d5 2. c4 e6 3. g3 Nf6 4. Bg2 dxc4 5. Qa4+ Nc6 6. Ne5 Bd7 7. Nxc6 Bxc6 8. Bxc6+ bxc6 9. Qxc6+ Nd7 10. 0-0 Bc5 11. Rd1 Rb8 12. d4 cxd3 13. Rxd3 Rb6 14. Qa4 Rd6 15. Rxd6 cxd6 16. Nc3 0-0 17. Bf4 Qb6 18. Qxd7 Qxb2 19. Rc1 e5 20. Na4 Qxe2 21. Nxc5 exf4 22. Qxd6 fxg3 23. hxg3 Qxa2 24. Re1 g6 25. Nd7 Rc8 26. Qd4 Qc4 27. Re8+ Rxe8 28. Qxc4 1-0

[Event "Titled Tuesday intern op 07th Jun Early"]
[Site "Chess.com INT"]
[Date "2022.06.07"]
[Round "6"]
[White "Bethke, Richard"]
[Black "Shton, Roman"]
[Result "0-1"]
[WhiteElo "2366"]
[BlackElo "2074"]
[PlyCount "70"]
[EventDate "2022.06.07"]
[EventType "swiss (blitz)"]
[EventRounds "11"]
[EventCountry "USA"]
[SourceTitle "CBM 208 Extra"]
[Source "ChessBase"]
[SourceDate "2022.07.31"]
[SourceVersion "1"]
[SourceVersionDate "2022.07.31"]
[SourceQuality "1"]

1. e4 Nf6 2. Nc3 d5 3. e5 Nfd7 4. d4 c5 5. Nxd5 cxd4 6. Qxd4 Nc6 7. Qe3 Ndxe5 8. c3 Qxd5 9. Nf3 Nxf3+ 10. gxf3 Qe5 11. Bc4 g6 12. Ke2 Bg7 13. f4 Bg4+ 14. f3 Qxe3+ 15. Bxe3 Bf5 16. Rhd1 0-0 17. Rac1 Rfd8 18. Bb5 a6 19. Ba4 b5 20. Bb3 Rxd1 21. Rxd1 Rd8 22. Ra1 Na5 23. Bd1 Bd3+ 24. Kf2 Nc4 25. Bc1 e5 26. a4 exf4 27. axb5 axb5 28. Ra7 b4 29. Bb3 bxc3 30. bxc3 Bxc3 31. Rc7 Bd4+ 32. Kg2 Ne3+ 33. Kh1 Be2 34. Bxf7+ Kh8 35. Kg1 Nd5+ 0-1

[Event "Titled Tuesday intern op 24th May Early"]
[Site "Chess.com INT"]
[Date "2022.05.24"]
[Round "7"]
[White "Lutz, Igor Oscar"]
[Black "Shton, Roman"]
[Result "0-1"]
[WhiteElo "2022"]
[BlackElo "2074"]
[PlyCount "34"]
[EventDate "2022.05.24"]
[EventType "swiss (blitz)"]
[EventRounds "11"]
[EventCountry "USA"]
[SourceTitle "EXT 2023"]
[Source "ChessBase"]
[SourceDate "2022.10.05"]
[SourceVersion "1"]
[SourceVersionDate "2022.10.05"]
[SourceQuality "1"]

1. d4 d5 2. c4 e6 3. Nf3 Nf6 4. g3 dxc4 5. Qa4+ Nbd7 6. Qxc4 a6 7. Bg2 b5 8. Qc6 Rb8 9. 0-0 Bb7 10. Qc2 c5 11. Rd1 Qb6 12. Bf4 Rc8 13. dxc5 Bxc5 14. Nc3 Bxf2+ 15. Kh1 b4 16. Na4 Rxc2 17. Nxb6 Bxb6 0-1

[Event "Titled Tuesday intern op 24th May Early"]
[Site "Chess.com INT"]
[Date "2022.05.24"]
[Round "4"]
[White "Shton, Roman"]
[Black "Avramidou, Anastasia"]
[Result "0-1"]
[WhiteElo "2074"]
[BlackElo "2274"]
[PlyCount "64"]
[EventDate "2022.05.24"]
[EventType "swiss (blitz)"]
[EventRounds "11"]
[EventCountry "USA"]
[SourceTitle "EXT 2023"]
[Source "ChessBase"]
[SourceDate "2022.10.05"]
[SourceVersion "1"]
[SourceVersionDate "2022.10.05"]
[SourceQuality "1"]

1. d4 g6 2. e4 Bg7 3. Nf3 c6 4. Bc4 d5 5. Bd3 dxe4 6. Bxe4 Nf6 7. Bd3 0-0 8. h3 Nbd7 9. 0-0 Qc7 10. Re1 Re8 11. Bc4 e6 12. c3 b6 13. Bg5 Bb7 14. Nbd2 c5 15. Bh4 Rad8 16. Bg3 Qc8 17. Qa4 Qa8 18. Bf1 cxd4 19. Nxd4 Nc5 20. Qc2 Nfe4 21. Nxe4 Nxe4 22. Nb5 Nxg3 23. Nc7 Qb8 24. Nxe8 Nxf1 25. Nxg7 Qh2+ 26. Kxf1 Qxg2+ 27. Ke2 Qf3+ 28. Kf1 Qxh3+ 29. Ke2 Bf3+ 30. Ke3 Bd1+ 31. Kf4 Qg4+ 32. Ke3 Qf3# 0-1

[Event "Titled Tuesday intern op 24th May Early"]
[Site "Chess.com INT"]
[Date "2022.05.24"]
[Round "6"]
[White "Shton, Roman"]
[Black "Lohani, Sujana"]
[Result "1-0"]
[WhiteElo "2074"]
[BlackElo "1697"]
[PlyCount "53"]
[EventDate "2022.05.24"]
[EventType "swiss (blitz)"]
[EventRounds "11"]
[EventCountry "USA"]
[SourceTitle "EXT 2023"]
[Source "ChessBase"]
[SourceDate "2022.10.05"]
[SourceVersion "1"]
[SourceVersionDate "2022.10.05"]
[SourceQuality "1"]

1. d4 Nf6 2. Nf3 e6 3. g3 d5 4. Bg2 Be7 5. 0-0 0-0 6. c4 b6 7. Nc3 Bb7 8. cxd5 Nxd5 9. Qc2 c5 10. dxc5 Bxc5 11. Rd1 Qc7 12. Bf4 Nxf4 13. gxf4 Qxf4 14. h4 Nc6 15. e3 Qf6 16. Rd7 Nb4 17. Qe2 Bxf3 18. Bxf3 Rad8 19. Rxa7 Qxh4 20. a3 Nd3 21. Ra4 Qg5+ 22. Rg4 Qf6 23. Ne4 Qxb2 24. Qxb2 Nxb2 25. Kg2 Nd3 26. Rh1 Ne5 27. Nf6+ 1-0

[Event "Titled Tuesday intern op 24th May Early"]
[Site "Chess.com INT"]
[Date "2022.05.24"]
[Round "8"]
[White "Tomaszewski, Kacper"]
[Black "Shton, Roman"]
[Result "1-0"]
[WhiteElo "2284"]
[BlackElo "2074"]
[PlyCount "39"]
[EventDate "2022.05.24"]
[EventType "swiss (blitz)"]
[EventRounds "11"]
[EventCountry "USA"]
[SourceTitle "EXT 2023"]
[Source "ChessBase"]
[SourceDate "2022.10.05"]
[SourceVersion "1"]
[SourceVersionDate "2022.10.05"]
[SourceQuality "1"]

1. d4 d5 2. c4 e6 3. Nc3 Bb4 4. a3 Bxc3+ 5. bxc3 c6 6. Bf4 Nf6 7. e3 0-0 8. Nf3 Nbd7 9. Qc2 dxc4 10. Bxc4 c5 11. Bd6 Re8 12. dxc5 Qa5 13. Rb1 a6 14. c6 bxc6 15. 0-0 Nd5 16. Rfc1 N7b6 17. Bd3 Nf6 18. c4 Nbd7 19. Nd4 c5 20. Nc6 1-0

[Event "Titled Tuesday intern op 29th Mar Late"]
[Site "Chess.com INT"]
[Date "2022.03.29"]
[Round "6"]
[White "Shton, Roman"]
[Black "Petesch, Gabriel N"]
[Result "0-1"]
[WhiteElo "2074"]
[BlackElo "2330"]
[PlyCount "46"]
[EventDate "2022.03.29"]
[EventType "swiss (blitz)"]
[EventRounds "11"]
[EventCountry "USA"]
[SourceTitle "CBM 207 Extra"]
[Source "ChessBase"]
[SourceDate "2022.05.31"]
[SourceVersion "1"]
[SourceVersionDate "2022.05.31"]
[SourceQuality "1"]

1. d4 Nf6 2. Nf3 c5 3. d5 e6 4. Nc3 exd5 5. Nxd5 Be7 6. Bf4 Nxd5 7. Qxd5 0-0 8. 0-0-0 Nc6 9. c3 Qa5 10. e4 d6 11. Bg5 Be6 12. Qd3 c4 13. Qe3 Qxa2 14. Bxe7 Nxe7 15. Rxd6 Qa1+ 16. Kc2 Rfd8 17. e5 Bf5+ 18. Kd2 Qxb2+ 19. Ke1 Nd5 20. Qd4 Rxd6 21. exd6 Re8+ 22. Ne5 Nxc3 23. Bxc4 Qc1+ 0-1

[Event "Titled Tuesday intern op 15th Feb Early"]
[Site "Chess.com INT"]
[Date "2022.02.15"]
[Round "10"]
[White "Shton, Roman"]
[Black "Sinitsina, Anastassia"]
[Result "1-0"]
[WhiteElo "2074"]
[BlackElo "2228"]
[PlyCount "75"]
[EventDate "2022.02.15"]
[EventType "swiss (blitz)"]
[EventRounds "11"]
[EventCountry "USA"]
[SourceTitle "CBM 206 Extra"]
[Source "ChessBase"]
[SourceDate "2022.03.31"]
[SourceVersion "1"]
[SourceVersionDate "2022.03.31"]
[SourceQuality "1"]

1. d4 Nf6 2. Nf3 g6 3. c4 Bg7 4. Nc3 0-0 5. Bg5 h6 6. Bh4 d6 7. e3 c5 8. d5 e6 9. Be2 exd5 10. cxd5 a6 11. a4 Nbd7 12. Bg3 Qe7 13. 0-0 Ng4 14. Nd2 Nge5 15. Nc4 Nxc4 16. Bxc4 Ne5 17. Be2 h5 18. h3 f5 19. a5 Bd7 20. Qb3 Rfb8 21. Na4 Bxa4 22. Rxa4 Qc7 23. Rfa1 b5 24. axb6 Rxb6 25. Qc2 Rxb2 26. Qd1 a5 27. e4 fxe4 28. Rxe4 Rb4 29. Ra4 Rxe4 30. Rxe4 Qd7 31. f4 Nf7 32. Re6 Bd4+ 33. Kh2 Nh8 34. Bd3 Kg7 35. f5 gxf5 36. Qxh5 Bf6 37. Qxf5 Qf7 38. Qh7+ 1-0